[Event "MNT-chT"]
[Site "Herceg Novi"]
[Date "2024.05.03"]
[Round "8.9"]
[White "Bulatovic, Dragan"]
[Black "Rasovic, Uros"]
[Result "0-1"]
[WhiteElo "2230"]
[BlackElo "2151"]
[PlyCount "100"]
[EventDate "2024.04.27"]
[EventType "team-tourn"]
[EventRounds "9"]
[EventCountry "MNE"]
[SourceTitle "CB19_2024"]
[SourceDate "2024.05.08"]
[SourceVersion "1"]
[SourceVersionDate "2024.05.08"]
[SourceQuality "1"]
[WhiteTeam "Prosvjeta"]
[BlackTeam "Omladinac Buducnost"]
[WhiteTeamCountry "MNE"]
[BlackTeamCountry "MNE"]

1. d4 Nf6 2. Nf3 e6 3. g3 b6 4. Bg2 Bb7 5. 0-0 Be7 6. c4 0-0 7. Re1 d6 8. Nc3 Ne4 9. Qc2 Nxc3 10. Ng5 Bxg5 11. Bxb7 Nd7 12. Bxg5 Qxg5 13. Bxa8 Nxe2+ 14. Rxe2 Rxa8 15. Qa4 Qd8 16. Qc6 a5 17. Rae1 Ra7 18. b3 Nf6 19. a3 Kf8 20. Qb5 Qa8 21. Qg5 Qf3 22. d5 e5 23. Re3 Qg4 24. f4 Qxg5 25. fxg5 Nd7 26. Rf1 Ke7 27. Ref3 f6 28. Rf5 Kf7 29. gxf6 gxf6 30. g4 h6 31. h4 Kg6 32. a4 Ra8 33. Kg2 Rh8 34. Kg3 Rh7 35. R1f2 Rh8 36. Kh3 Rh7 37. R2f3 Re7 38. Kg3 Rh7 39. b4 axb4 40. Rb3 h5 41. Rbf3 hxg4 42. Kxg4 e4 43. R3f4 Re7 44. h5+ Kg7 45. Kh4 e3 46. Rg4+ Kh7 47. Rf1 Ne5 48. Rg2 Nxc4 49. Re1 b3 50. Rg4 Nd2 0-1

[Event "MNT-chT"]
[Site "Podgorica"]
[Date "2020.10.12"]
[Round "6.5"]
[White "Bulatovic, Dragan"]
[Black "Tomic, Aleksandar1111"]
[Result "0-1"]
[WhiteElo "2240"]
[BlackElo "2367"]
[PlyCount "160"]
[EventDate "2020.10.09"]
[EventType "team-tourn"]
[EventRounds "9"]
[EventCountry "MNE"]
[SourceTitle "CBM 198 Extra"]
[Source "ChessBase"]
[SourceDate "2020.11.30"]
[SourceVersion "1"]
[SourceVersionDate "2020.11.30"]
[SourceQuality "1"]
[WhiteTeam "Prosvjeta"]
[BlackTeam "Crnogorac"]
[WhiteTeamCountry "MNE"]
[BlackTeamCountry "MNE"]

1. e4 c5 2. Nf3 e6 3. d4 cxd4 4. Nxd4 Nf6 5. Nc3 Nc6 6. Ndb5 Bc5 7. Bf4 0-0 8. Bc7 Qe7 9. Bd6 Bxd6 10. Nxd6 Ne8 11. Ncb5 a6 12. Nxe8 Qb4+ 13. c3 Qxe4+ 14. Qe2 Qxe2+ 15. Bxe2 axb5 16. Nc7 Ra5 17. b4 Ra4 18. Bd1 Ra3 19. Nxb5 Ra6 20. a4 Ne5 21. Be2 d5 22. a5 Bd7 23. Nd4 Raa8 24. Nb3 Rfc8 25. Kd2 Nc4+ 26. Kc2 b6 27. axb6 Nxb6 28. Nc5 Bc6 29. Rxa8 Rxa8 30. Kb2 d4 31. cxd4 Bxg2 32. Rc1 Bd5 33. Na6 Kf8 34. b5 Rc8 35. Nc7 Bb7 36. Bd1 Rd8 37. Kc3 Rc8 38. Kd2 Ke7 39. Na6 Rxc1 40. Kxc1 Bd5 41. Be2 Bc4 42. Kd2 Bxe2 43. Kxe2 Nc4 44. Kd3 Nd6 45. b6 Kd7 46. Nb4 Kc8 47. f4 Kb7 48. d5 Kxb6 49. dxe6 fxe6 50. Kd4 Kc7 51. Nd3 Kd7 52. Ke5 Ke7 53. Nc5 Nf7+ 54. Ke4 g6 55. Ke3 Nd6 56. Kf3 Kf6 57. Nb3 g5 58. Nc5 gxf4 59. Kxf4 e5+ 60. Kg4 Kg6 61. Nd7 h5+ 62. Kg3 Nc4 63. h3 Kg5 64. Nc5 h4+ 65. Kf3 Nd6 66. Ke3 Kf5 67. Nb3 Ne4 68. Kf3 Ng5+ 69. Kg2 Kf4 70. Nc5 e4 71. Nd7 Ne6 72. Kf2 e3+ 73. Kg2 Ke4 74. Nf6+ Kd3 75. Ng4 Ke2 76. Ne5 Nf4+ 77. Kh2 Kf1 78. Nf3 e2 79. Nd2+ Kf2 80. Ne4+ Ke3 0-1

[Event "MNT-chT1"]
[Site "Mojkovac"]
[Date "2016.10.08"]
[Round "8.1"]
[White "Tomic, Aleksandar"]
[Black "Bulatovic, Dragan"]
[Result "1-0"]
[WhiteElo "2288"]
[BlackElo "2222"]
[PlyCount "73"]
[EventDate "2016.09.09"]
[EventType "team-tourn"]
[EventRounds "9"]
[EventCountry "MNE"]
[SourceTitle "EXT 2017"]
[Source "ChessBase"]
[SourceDate "2016.10.25"]
[SourceVersion "1"]
[SourceVersionDate "2016.10.25"]
[SourceQuality "1"]

1. d4 Nf6 2. c4 Nc6 3. Nf3 e6 4. g3 d5 5. Bg2 Bb4+ 6. Bd2 Bd6 7. 0-0 dxc4 8. Qa4 0-0 9. Qxc4 e5 10. d5 Ne7 11. Nc3 a6 12. a4 b6 13. Rfd1 Rb8 14. Bg5 Ne8 15. e4 f6 16. Be3 g6 17. Nd2 g5 18. b4 Ng6 19. Rab1 Ng7 20. Qb3 Nf4 21. Bf1 Nh3+ 22. Kh1 Qe8 23. Rbc1 Qh5 24. Be2 g4 25. Rf1 Nf4 26. Bd1 Qh3 27. Rg1 f5 28. gxf4 exf4 29. Bd4 g3 30. Rg2 fxe4 31. Ncxe4 Nf5 32. Bf6 Rxf6 33. Nxf6+ Kf7 34. Nde4 Qxg2+ 35. Kxg2 Nh4+ 36. Kh1 g2+ 37. Kg1 1-0

[Event "MNT-chT1"]
[Site "Mojkovac"]
[Date "2016.09.10"]
[Round "2.1"]
[White "Bulatovic, Dragan"]
[Black "Marinkovic, Slavisa"]
[Result "1/2-1/2"]
[WhiteElo "2222"]
[BlackElo "2388"]
[PlyCount "28"]
[EventDate "2016.09.09"]
[EventType "team-tourn"]
[EventRounds "9"]
[EventCountry "MNE"]
[SourceTitle "EXT 2017"]
[Source "ChessBase"]
[SourceDate "2016.10.25"]
[SourceVersion "1"]
[SourceVersionDate "2016.10.25"]
[SourceQuality "1"]

1. e4 c5 2. Nf3 d6 3. d4 cxd4 4. Nxd4 Nf6 5. Nc3 a6 6. h3 e5 7. Nde2 h5 8. g3 Be7 9. Bg2 Nbd7 10. a4 b6 11. Nd5 Bb7 12. c4 Rc8 13. b3 Nxd5 14. exd5 a5 1/2-1/2

[Event "MNT-chT 1st League"]
[Site "Podgorica"]
[Date "2014.10.11"]
[Round "8.2"]
[White "Nikolic, Zoran"]
[Black "Bulatovic, Dragan"]
[Result "1-0"]
[WhiteElo "2135"]
[BlackElo "2202"]
[PlyCount "91"]
[EventDate "2014.08.29"]
[EventType "team-tourn"]
[EventRounds "9"]
[EventCountry "MNE"]
[SourceTitle "EXT 2018"]
[Source "ChessBase"]
[SourceDate "2017.10.13"]
[SourceVersion "1"]
[SourceVersionDate "2017.10.13"]
[SourceQuality "1"]
[WhiteTeam "Zora"]
[BlackTeam "Dijagonale"]
[WhiteTeamCountry "MNE"]
[BlackTeamCountry "MNE"]

1. d4 Nf6 2. e3 g6 3. Nf3 Bg7 4. Nbd2 0-0 5. b3 c5 6. Bb2 cxd4 7. exd4 Nc6 8. Be2 Nd5 9. 0-0 Nf4 10. Re1 Nxe2+ 11. Qxe2 d5 12. Ne5 Nxe5 13. dxe5 Qa5 14. h3 b6 15. Nf3 Bh6 16. Nd4 Ba6 17. Qg4 e6 18. f4 Bg7 19. a3 Rac8 20. Rad1 Rc7 21. Qg3 Rfc8 22. Qf2 Bf8 23. b4 Qa4 24. g4 Rxc2 25. Nxc2 Rxc2 26. Rd2 Rc4 27. f5 Bh6 28. fxe6 fxe6 29. Qf6 Qe8 30. Rf2 Bg7 31. Qf3 Rc7 32. Bd4 g5 33. Qe3 Qg6 34. Bxb6 Rc4 35. Bd4 Rc8 36. Bc5 Bd3 37. Bxa7 Be4 38. Bd4 h5 39. Rc1 Rb8 40. Rc7 hxg4 41. hxg4 Bf8 42. Qc1 Re8 43. Rc8 Bg7 44. Qc6 Rf8 45. Rcxf8+ Bxf8 46. Rf6 1-0

[Event "MNT-chTB"]
[Site "Andrijevica"]
[Date "2012.09.16"]
[Round "5"]
[White "Bulatovic, Dragan"]
[Black "Pobor, Nebojsa"]
[Result "1-0"]
[WhiteElo "2197"]
[BlackElo "2071"]
[PlyCount "41"]
[EventDate "2012.09.14"]
[EventType "team-tourn"]
[EventRounds "9"]
[EventCountry "MNE"]
[SourceTitle "CBM 150 Extra"]
[Source "ChessBase"]
[SourceDate "2012.10.19"]
[SourceVersion "1"]
[SourceVersionDate "2012.10.19"]
[SourceQuality "1"]

1. d4 Nf6 2. Nf3 g6 3. Nc3 d5 4. Bg5 Bg7 5. Bxf6 Bxf6 6. e4 dxe4 7. Nxe4 Bg7 8. Bc4 0-0 9. Qd2 Nd7 10. 0-0-0 c6 11. h4 Nf6 12. Nxf6+ exf6 13. h5 Be6 14. Bxe6 fxe6 15. hxg6 hxg6 16. Rh3 Qd5 17. Kb1 Kf7 18. Qf4 g5 19. Qc7+ Kg8 20. Rdh1 Rac8 21. Rh8+ 1-0